| 000 | 00337nam a2200133Ia 4500 | ||
|---|---|---|---|
| 008 | 150201s2009 xx 000 0 und d | ||
| 082 |
_a616.07 _bM09F |
||
| 100 | _aFISCBBACH,FRANCIS | ||
| 245 | 2 | _aA MANUAL OF LABORATORY & DIAGNOSTIC TESTS | |
| 250 | _a8TH | ||
| 260 |
_bWOLTERKULWER _aDELHI _c2009 |
||
| 650 | _aPATHOLOGY | ||
| 942 |
_2ddc _cBK |
||
| 999 |
_c970 _d970 |
||